000 00305nam a2200109Ia 4500
008 171205s9999 xx 000 0 und d
020 _a9781635493696
100 _aTaylor, Cristian.
245 _cCristian Taylor
_aInnovation Management
260 _bLarsen and Keller Education
_c2017
300 _a247 pages
999 _c347447
_d347447